| 000 | 00907nam a22002897a 4500 | ||
|---|---|---|---|
| 003 | CHAP | ||
| 005 | 20220329143929.0 | ||
| 008 | 120907s1990 r 00010 spa d | ||
| 010 | _a103890 | ||
| 011 | _a104862 | ||
| 035 | _a115552 | ||
| 040 | _cCHAP | ||
| 090 | _aFolleto 18369 | ||
| 245 | 0 |
_aAlgunos elementos basicos a considerar en el financiamiento de la uva perlette _c/por |
|
| 260 |
_a[s.l.] : _b[s.n.], _c[199-?] |
||
| 300 | _a11 h. | ||
| 590 |
_aBATCH-UPD _b10 _c20130110 _lUCH01 _h1206 |
||
| 590 |
_aBATCH-UPD _b10 _c20130410 _lUCH01 _h0747 |
||
| 590 |
_aBATCH-UPD _b10 _c20130914 _lUCH01 _h1631 |
||
| 590 |
_aCONVERSION _b10 _c20130109 _lUCH01 _h1357 |
||
| 650 | 1 | 4 |
_aIndicadores económicos. _957564 |
| 650 | 1 | 4 |
_aUva _xMercadeo. _9117132 |
| 650 | 1 | 4 |
_aUva _xRendimiento. _9117140 |
| 901 | _aBK | ||
| 942 | _cFOLL | ||
| 949 |
_aFolleto 18369 _bBC _cFOLL _d33724002335918 _eTS1 _gDonaciØn _i115552 _sb |
||
| 999 |
_c103890 _d103890 |
||